000149708 001__ 149708
000149708 005__ 20250127135746.0
000149708 037__ $$aTAZ-TFG-2024-2894
000149708 041__ $$aspa
000149708 1001_ $$aCastillo Jiménez, Iván
000149708 24200 $$aDesign, structural analysis and prototyping of an electric scooter platform using sustainable composite materials
000149708 24500 $$aDiseño, análisis estructural y prototipado de la plataforma de un patinete eléctrico mediante materiales compuestos sostenibles
000149708 260__ $$aZaragoza$$bUniversidad de Zaragoza$$c2024
000149708 506__ $$aby-nc-sa$$bCreative Commons$$c3.0$$uhttp://creativecommons.org/licenses/by-nc-sa/3.0/
000149708 520__ $$aEl trabajo consiste, primero, en analizar la plataforma de un patinete eléctrico actual (dimensiones, funciones,  material, peso y análisis estático) para posteriormente, diseñar y hacer un prototipo real más ligero y sostenible mediante materiales compuestos tipo sándwich asegurando, o incluso mejorando, la funcionalidad e integridad del vehículo bajo las especificaciones marcadas por la normativa vigente. La utilización de materiales compuestos permitirá aligerar el vehículo de manera que las necesidades energéticas para su desplazamiento serán menores.<br />
000149708 521__ $$aGraduado en Ingeniería de Tecnologías Industriales
000149708 540__ $$aDerechos regulados por licencia Creative Commons
000149708 691__ $$a7 9 13
000149708 692__ $$aEl siguiente trabajo se centra en investigar sobre el uso de materiales sostenibles en patinetes eléctricos y el aligeramiento del mismo para reducir el consumo eléctrico
000149708 700__ $$aRanz Angulo, David$$edir.
000149708 700__ $$aMartin Compaired, Clara Luna$$edir.
000149708 7102_ $$aUniversidad de Zaragoza$$bIngeniería de Diseño y Fabricación$$cExpresión Gráfica de la Ingeniería
000149708 8560_ $$f776706@unizar.es
000149708 8564_ $$s1188654$$uhttps://zaguan.unizar.es/record/149708/files/TAZ-TFG-2024-2894.pdf$$yMemoria (spa)
000149708 8564_ $$s1537996$$uhttps://zaguan.unizar.es/record/149708/files/TAZ-TFG-2024-2894_ANE.pdf$$yAnexos (spa)
000149708 909CO $$ooai:zaguan.unizar.es:149708$$pdriver$$ptrabajos-fin-grado
000149708 950__ $$a
000149708 951__ $$adeposita:2025-01-27
000149708 980__ $$aTAZ$$bTFG$$cEINA
000149708 999__ $$a20240626004051.CREATION_DATE